Symposium on Adult tooth movement / (Запис № 554735)
[ простий вигляд ]
| 000 -LEADER | |
|---|---|
| fixed length control field | 01266cam a2200277L 4500 |
| 001 - CONTROL NUMBER | |
| control field | symposiumonadult00schl |
| 003 - CONTROL NUMBER IDENTIFIER | |
| control field | CaSfIA |
| 005 - DATE AND TIME OF LATEST TRANSACTION | |
| control field | 20210119101107.0 |
| 007 - PHYSICAL DESCRIPTION FIXED FIELD--GENERAL INFORMATION | |
| fixed length control field | cr|||| |
| 008 - FIXED-LENGTH DATA ELEMENTS--GENERAL INFORMATION | |
| fixed length control field | 091213s1972 xx 000 u eng d |
| 040 ## - CATALOGING SOURCE | |
| Original cataloging agency | DKDLA |
| Language of cataloging | dan |
| Transcribing agency | DKDLA |
| Modifying agency | CaSfIA |
| 035 ## - SYSTEM CONTROL NUMBER | |
| System control number | (OCoLC)488281388 |
| 029 0# - (OCLC) | |
| OCLC library identifier | DKDLA |
| System control number | 37026560 |
| 245 00 - TITLE STATEMENT | |
| Title | Symposium on Adult tooth movement / |
| Medium | [electronic resource] |
| Statement of responsibility, etc | ed.: Allan Schlossberg. |
| 260 ## - PUBLICATION, DISTRIBUTION, ETC. (IMPRINT) | |
| Place of publication, distribution, etc | Philad. : |
| Name of publisher, distributor, etc | Saunders, |
| Date of publication, distribution, etc | 1972. |
| 300 ## - PHYSICAL DESCRIPTION | |
| Extent | ?. |
| 490 1# - SERIES STATEMENT | |
| Series statement | The dental clinics of North America ; |
| Том/ позначення послідовності | Vol. 16, no. 3 |
| 506 ## - RESTRICTIONS ON ACCESS NOTE | |
| Standardized terminology for access restriction | Необхідна авторизація на https://archive.org/ (створення облікового запису безкоштовно) |
| 506 ## - RESTRICTIONS ON ACCESS NOTE | |
| Standardized terminology for access restriction | Необхідна авторизація на https://openlibrary.org/ (створення облікового запису безкоштовно) |
| 700 1# - ADDED ENTRY--PERSONAL NAME | |
| Personal name | Schlossberg, Allan. |
| 710 1# - ADDED ENTRY--CORPORATE NAME | |
| Corporate name or jurisdiction name as entry element | Adult tooth movement. |
| 830 #4 - SERIES ADDED ENTRY--UNIFORM TITLE | |
| Uniform title | The dental clinics of North America ; |
| Volume number/sequential designation | Vol. 16, no. 3. |
| 856 41 - ELECTRONIC LOCATION AND ACCESS | |
| Uniform Resource Identifier | <a href="http://www.archive.org/details/symposiumonadult00schl">http://www.archive.org/details/symposiumonadult00schl</a> |
| Public note | Free eBook from the Internet Archive |
| 856 42 - ELECTRONIC LOCATION AND ACCESS | |
| Uniform Resource Identifier | <a href="http://www.openlibrary.org/books/OL24381998M">http://www.openlibrary.org/books/OL24381998M</a> |
| Public note | Additional information and access via Open Library |
| 942 ## - ADDED ENTRY ELEMENTS (KOHA) | |
| Koha item type | ЕКнига |
Немає доступних примірників.